| 000 -LEADER |
| fixed length control field |
00655nam a22001937a 4500 |
| 005 - DATE AND TIME OF LATEST TRANSACTION |
| control field |
20231013110736.0 |
| 008 - FIXED-LENGTH DATA ELEMENTS--GENERAL INFORMATION |
| fixed length control field |
220528b ||||| |||| 00| 0 eng d |
| 040 ## - CATALOGING SOURCE |
| Transcribing agency |
SSBUL |
| 082 ## - DEWEY DECIMAL CLASSIFICATION NUMBER |
| Edition number |
23 |
| Classification number |
025.04 |
| 110 2# - MAIN ENTRY--CORPORATE NAME |
| Corporate name or jurisdiction name as entry element |
Indira Gandhi National Open University. |
| 9 (RLIN) |
5926 |
| 245 ## - TITLE STATEMENT |
| Title |
Information sources and services BLI-222 / |
| Statement of responsibility, etc. |
School of Social Science, Indira Gandhi National Open University. |
| 260 ## - PUBLICATION, DISTRIBUTION, ETC. |
| Place of publication, distribution, etc. |
New Delhi : |
| Name of publisher, distributor, etc. |
IGNOU , |
| Date of publication, distribution, etc. |
30 cm. |
| 300 ## - PHYSICAL DESCRIPTION |
| Extent |
347 pages ; |
| Dimensions |
30 cm. |
| 650 ## - SUBJECT ADDED ENTRY--TOPICAL TERM |
| Topical term or geographic name entry element |
Reference services (Libraries) |
| 9 (RLIN) |
5323 |
|
| Topical term or geographic name entry element |
Information services |
| 9 (RLIN) |
5324 |
|
| Topical term or geographic name entry element |
Information resources |
| 9 (RLIN) |
5927 |
|
| Topical term or geographic name entry element |
Reference books |
| 9 (RLIN) |
5928 |
| 942 ## - ADDED ENTRY ELEMENTS (KOHA) |
| Source of classification or shelving scheme |
|
| Koha item type |
Books (Long term) |